[Event "Druzynowe Mistrzostwa Polski Seniorow - II Liga"]
[Site "Szczyrk, CKiR Orle Gniazdo ul. Wrzosowa 28a "]
[Date "1899-12-30"]
[Round "1.50"]
[White "Mroziak, Maciej"]
[Black "Kusina, Jan"]
[Result "1/2-1/2"]
[WhiteTitle "k+"]
[BlackTitle "k+"]
[WhiteElo "2322"]
[BlackElo "2043"]

1. e4 c5 2. c3 d5 3. exd5 Qxd5 4. d4 cxd4 5. cxd4 Nc6 6. Nf3 e5 7. Nc3 Bb4 8. Bd2
Bxc3 9. Bxc3 e4 10. Ne5 Nxe5 11. dxe5 Ne7 12. Qe2 O-O 13. Rd1 Qxa2 14. Bb4 Qe6
15. Qxe4 Re8 16. Bb5 Nc6 17. O-O Qg6 18. Qe3 Be6 19. Bxc6 bxc6 20. Rd6 Qg4 21.
Bc3 Bd5 22. f3 Qc8 23. Ra1 Qc7 24. Qg5 Re6 25. Ra4 h6 26. Qg3 Qb6+ 27. Kh1 Qb5
28. Ra1 a5 29. h3 a4 30. f4 Be4 31. Qg4 Rg6 32. Rxg6 fxg6 33. Kh2 Bf5 34. Qh4
Qc4 35. Qg3 Rd8 36. Qf2 c5 37. Rc1 Rd5 38. e6 Bxe6 39. Qe3 Rf5 40. Be5 Qb4 41.
Rxc5 Rf7 42. Rc6 Bf5 43. Bd6 Qe4 44. Rc8+ Kh7 45. Qxe4 Bxe4 46. Rc4 Bd5 47. Rxa4
Rb7 48. b4 Rb6 49. Be5 Rb7 50. Ra5 Bc4 51. Bc3 Bb5 52. Bd4 Bc6 53. Bc5 Bb5 54.
Kg3 Bc4 55. Ra7 Rxa7 56. Bxa7 Kg8 57. h4 Kf7 58. Bd4 Bb5 59. Kf2 Bc6 60. g3 h5
61. Ke3 Ke6 62. Bxg7 Kd5 63. g4 hxg4 64. f5 gxf5 65. h5 Be8 66. h6 Bg6 67. Kf4
Bh7 68. Bf8 Kc4 69. Be7 Kb5 70. Bd6 Kc4 71. Kg5 g3 72. Bxg3 f4 73. Be1 f3 74.
Kf6 f2 75. Bxf2 Kxb4 76. Kg7 Bb1 77. h7 Bxh7 78. Kxh7 1/2-1/2

[Event "Druzynowe Mistrzostwa Polski Seniorow - II Liga"]
[Site "Szczyrk, CKiR Orle Gniazdo ul. Wrzosowa 28a "]
[Date "1899-12-30"]
[Round "1.51"]
[White "Piskorz, Henryk"]
[Black "Wojciechowski, Piotr"]
[Result "0-1"]
[WhiteTitle "k"]
[BlackTitle "m"]
[WhiteElo "2040"]
[BlackElo "2296"]

1. e4 c5 2. Nc3 Nc6 3. f4 e6 4. Nf3 a6 5. d4 cxd4 6. Nxd4 Nf6 7. e5 Nd5 8. Nxd5
exd5 9. Nb3 d6 10. Qxd5 Be6 11. Qe4 dxe5 12. fxe5 Bd5 13. Qf4 Nb4 14. Bd3 Bxg2
15. Rg1 Qxd3 16. cxd3 Nxd3+ 17. Ke2 Nxf4+ 18. Bxf4 Bh3 19. Rg3 Bd7 20. Rc1 Rc8
21. Rxc8+ Bxc8 22. Rc3 Bg4+ 23. Kf2 Be6 24. Rc7 b6 25. Be3 Be7 26. Bxb6 Bd8 27.
Rb7 Bh4+ 28. Ke3 O-O 29. Nc5 Bxa2 30. Nxa6 Re8 31. Bd4 f6 32. Rb8 Rxb8 33. Nxb8
f5 34. Kf4 Be6 35. Na6 g5+ 36. Ke3 g4 37. Nc5 Bg5+ 38. Kf2 Kf7 39. b4 Bc4 40.
Be3 f4 41. Bd4 Bh4+ 42. Kg1 Be1 43. Ne4 Ke6 44. Nf6 Kf5 45. Nxh7 Ke4 46. Bf2 Bxb4
47. Nf6+ Kf3 48. Nh7 Ke2 49. Nf6 Kf3 50. Nh7 Be7 51. Nf6 Be6 52. Bd4 Bb4 53. Nh7
Ke4 54. Ng5+ Kxd4 55. Nxe6+ Kxe5 56. Nxf4 Kxf4 57. Kg2 Be7 58. Kf2 Bf6 59. Kg2
Bh4 0-1

[Event "Druzynowe Mistrzostwa Polski Seniorow - II Liga"]
[Site "Szczyrk, CKiR Orle Gniazdo ul. Wrzosowa 28a "]
[Date "1899-12-30"]
[Round "1.52"]
[White "Majcher, Marcin"]
[Black "Czernicki, Bogdan"]
[Result "1-0"]
[WhiteTitle "k+"]
[BlackTitle "k"]
[WhiteElo "2222"]
[BlackElo "1856"]

1. e4 e6 2. d4 d5 3. Nc3 Bb4 4. e5 Qd7 5. Bd2 b6 6. Bb5 c6 7. Ba4 a5 8. a3 Bxc3
9. Bxc3 Ba6 10. Ne2 Bc4 11. Nf4 Nh6 12. Nh5 Rg8 13. Bd2 Nf5 14. c3 Na6 15. Bc2
Nc7 16. g4 Nh4 17. Bg5 Ng6 18. Bh6 O-O-O 19. Bxg7 Ne8 20. Bf6 Nxf6 21. Nxf6 Qe7
22. h4 Rh8 23. Qd2 h6 24. O-O-O Nf8 25. f4 Nd7 26. g5 Nxf6 27. gxf6 Qf8 28. Rhg1
Rg8 29. Bh7 Rxg1 30. Rxg1 h5 31. Rg7 c5 32. f5 Qe8 33. fxe6 Qxe6 34. Qf4 Qe8 35.
Bf5+ Kb7 36. e6 cxd4 37. Rxf7+ Ka6 38. Qxd4 Rd6 39. Rc7 Rxe6 40. Bxe6 Qxe6 41.
Re7 Qf5 42. Re1 Bb3 43. Re2 Qf1+ 44. Kd2 Qd1+ 45. Ke3 Qc1+ 46. Kf2 Bc4 47. Rd2
Qf1+ 48. Kg3 Qe1+ 49. Qf2 Qe5+ 50. Qf4 Qe1+ 51. Kh2 d4 52. Qxd4 Qe6 53. Rf2 Qf7
54. b4 a4 55. Qd6 Qg6 56. Qd7 Qe4 57. Qxa4+ Kb7 58. Qd7+ Ka6 59. Qd4 1-0

[Event "Druzynowe Mistrzostwa Polski Seniorow - II Liga"]
[Site "Szczyrk, CKiR Orle Gniazdo ul. Wrzosowa 28a "]
[Date "1899-12-30"]
[Round "1.53"]
[White "Jewulski, Krzysztof"]
[Black "Dudys, Jakub"]
[Result "0-1"]
[WhiteTitle "I"]
[BlackTitle "I++"]
[WhiteElo "1878"]
[BlackElo "2144"]

1. e4 c5 2. Nf3 e6 3. c4 Nc6 4. d4 cxd4 5. Nxd4 Nf6 6. Nc3 Bb4 7. Nxc6 bxc6 8.
Qb3 Rb8 9. Bf4 d6 10. O-O-O Qc7 11. Nb5 cxb5 12. Qxb4 e5 13. Be3 Nxe4 14. c5 Nxc5
15. Bxb5+ Ke7 16. Bxc5 Qxc5+ 17. Qxc5 dxc5 18. Bd3 Rb4 19. Rhe1 f6 20. g3 g5 21.
a3 Rd4 22. Bc2 h5 23. Re3 Bg4 24. f3 Be6 25. Bb3 Rhd8 26. Rde1 Bf5 27. R1e2 Kd6
28. Bc2 Be6 29. Bb3 c4 30. Bc2 Kc5 31. Rc3 Kb5 32. Rce3 a5 33. Rc3 Bd5 34. Rce3
Rd7 35. Rc3 Rd6 36. Rce3 Rd8 37. Rc3 g4 38. fxg4 hxg4 39. Rf2 Bf3 40. h4 e4 41.
h5 f5 42. h6 R4d6 43. Rh2 Rh8 44. Rh5 Rf6 45. h7 Rf7 46. Kd2 Rhxh7 47. Rxh7 Rxh7
48. Ke3 Rc7 49. b3 Rc5 50. Kd4 Be2 51. Bb1 Rc6 52. Ke5 Bd3 53. bxc4+ Bxc4 54.
Re3 Rc5+ 55. Kf4 Bf7 56. Re1 Ka4 57. Re3 Bb3 58. Bxe4 fxe4 59. Rxe4+ Rc4 60. Rxc4+
Bxc4 61. Kxg4 Kxa3 62. Kf5 Kb2 63. g4 a4 64. g5 a3 65. g6 Bd3+ 66. Kf6 Bxg6 67.
Kxg6 a2 68. Kf6 a1=Q 0-1

[Event "Druzynowe Mistrzostwa Polski Seniorow - II Liga"]
[Site "Szczyrk, CKiR Orle Gniazdo ul. Wrzosowa 28a "]
[Date "1899-12-30"]
[Round "1.54"]
[White "Szydlowska-duda, Marta"]
[Black "Jablonska, Sabina"]
[Result "1-0"]
[WhiteTitle "k"]
[BlackTitle "k"]
[WhiteElo "2009"]
[BlackElo "1985"]

1. d4 Nf6 2. Nf3 b5 3. Bf4 e6 4. e3 a6 5. Bd3 Bb7 6. O-O c5 7. c3 Be7 8. h3 O-O
9. Nbd2 d5 10. Qe2 Nc6 11. Rad1 Qb6 12. dxc5 Bxc5 13. Nb3 Be7 14. Bb1 Ne4 15.
Ne5 Nxe5 16. Bxe5 f6 17. Bh2 Rfd8 18. Nd4 e5 19. Nf5 Bf8 20. Qg4 g6 21. Nh4 Bg7
22. Kh1 f5 23. Qe2 d4 24. f3 Nc5 25. exd4 exd4 26. cxd4 Rxd4 27. Rxd4 Bxd4 28.
b4 Na4 29. Bc2 Nc3 30. Bb3+ Kf8 31. Qd2 Kg7 32. Re1 Qf6 33. Re7+ Qxe7 34. Qxd4+
Kh6 35. Bf4+ Kh5 36. g4+ 1-0

[Event "Druzynowe Mistrzostwa Polski Seniorow - II Liga"]
[Site "Szczyrk, CKiR Orle Gniazdo ul. Wrzosowa 28a "]
[Date "1899-12-30"]
[Round "1.55"]
[White "Krzywda, Andrzej"]
[Black "Choroszej, Aleksander"]
[Result "1-0"]
[WhiteTitle "k"]
[BlackTitle "k"]
[WhiteElo "2126"]
[BlackElo "2082"]

1. d4 g6 2. c4 Bg7 3. Nc3 d6 4. Nf3 Nf6 5. Bg5 O-O 6. e3 h6 7. Bh4 c5 8. Be2 cxd4
9. exd4 Nc6 10. h3 g5 11. Bg3 d5 12. O-O Be6 13. c5 Ne4 14. Bh2 f5 15. Re1 g4
16. Ne5 Nxe5 17. Bxe5 Bxe5 18. dxe5 gxh3 19. Qd4 Rc8 20. Rad1 Nxc3 21. Qxc3 hxg2
22. Qh3 Kh7 23. Rd4 Rg8 24. Rh4 Qf8 25. b4 a5 26. a3 axb4 27. axb4 Ra8 28. b5
Rc8 29. Rc1 Qg7 30. Rh5 Bf7 31. Rh4 Qg5 32. f4 Qg3 33. Rxh6+ 1-0

[Event "Druzynowe Mistrzostwa Polski Seniorow - II Liga"]
[Site "Szczyrk, CKiR Orle Gniazdo ul. Wrzosowa 28a "]
[Date "1899-12-30"]
[Round "1.56"]
[White "Pazderski, Ziemowit"]
[Black "Zgadzaj, Rafal"]
[Result "1-0"]
[WhiteTitle "k+"]
[BlackTitle "k"]
[WhiteElo "2251"]
[BlackElo "2145"]

1. d4 g6 2. e4 c5 3. d5 d6 4. Bb5+ Bd7 5. a4 Na6 6. Nf3 Bg7 7. O-O Nf6 8. Re1 O-O
9. e5 dxe5 10. Nxe5 Bxb5 11. axb5 Nb4 12. c4 Qd6 13. Nf3 Nd7 14. Nc3 Rfe8 15.
Be3 Qc7 16. Bg5 Ne5 17. Bf4 Nxf3+ 18. Qxf3 Qd7 19. Re2 Qf5 20. Ne4 b6 21. Rae1
Nd3 22. Qxd3 Qxf4 23. g3 Qf5 24. Qa3 Red8 25. Kg2 Rd7 26. Qf3 Qxf3+ 27. Kxf3 a6
28. Ra1 Rda7 29. Rxa6 Rxa6 30. bxa6 Rxa6 31. d6 e6 32. d7 Ra8 33. Rd2 Bd4 34.
Nd6 Rd8 35. Nc8 Rxd7 36. Nxb6 Rb7 37. Rxd4 cxd4 38. c5 f5 39. b4 Kf7 40. b5 Ke8
41. Nc4 Ra7 42. b6 Ra8 43. c6 Kd8 44. b7 Rb8 45. Ne5 Kc7 46. Ke2 Rd8 47. Kd3 Rd5
48. Nd7 Kxc6 49. b8=Q Rxd7 50. Qc8+ Kd6 51. f4 e5 52. Qb8+ 1-0

[Event "Druzynowe Mistrzostwa Polski Seniorow - II Liga"]
[Site "Szczyrk, CKiR Orle Gniazdo ul. Wrzosowa 28a "]
[Date "1899-12-30"]
[Round "1.57"]
[White "Malecki, Rafal"]
[Black "Maciaga, Marcin"]
[Result "0-1"]
[WhiteTitle "k+"]
[BlackTitle "k+"]
[WhiteElo "2096"]
[BlackElo "2134"]

1. Nf3 d5 2. g3 Nf6 3. Bg2 e6 4. O-O Be7 5. d3 O-O 6. Nbd2 c5 7. e4 dxe4 8. dxe4
Nc6 9. c3 e5 10. Qc2 h6 11. Nc4 Qc7 12. Nh4 Be6 13. Ne3 Rfd8 14. Nhf5 Bf8 15.
f4 c4 16. Nh4 exf4 17. gxf4 Ng4 18. h3 Nxe3 19. Bxe3 Rd3 20. Rae1 Be7 21. Qf2
Rad8 22. Nf3 Bf6 23. Kh1 b5 24. a3 a5 25. e5 Be7 26. Bb6 Qd7 27. Bxd8 Bxd8 28.
Kh2 Ne7 29. Ng1 Nf5 30. Be4 Bh4 31. Qg2 Bg3+ 32. Kh1 Nh4 33. Qe2 Rd2 34. Rd1 Rxe2
35. Nxe2 Bd5 36. Nxg3 Qxh3+ 37. Kg1 Qxg3+ 0-1

[Event "Druzynowe Mistrzostwa Polski Seniorow - II Liga"]
[Site "Szczyrk, CKiR Orle Gniazdo ul. Wrzosowa 28a "]
[Date "1899-12-30"]
[Round "1.58"]
[White "Staroszczyk, Mateusz"]
[Black "Szajda, Marcin"]
[Result "1/2-1/2"]
[WhiteTitle "I+"]
[BlackTitle "I++"]
[WhiteElo "2004"]
[BlackElo "2104"]

1. e4 e5 2. Nf3 Nc6 3. Bc4 Bc5 4. O-O Nf6 5. d3 d6 6. c3 O-O 7. a4 a6 8. b4 Bb6
9. Be3 Bxe3 10. fxe3 d5 11. exd5 Nxd5 12. Bxd5 Qxd5 13. e4 Qd6 14. Na3 Be6 15.
Ng5 Rad8 16. Nxe6 Qxe6 17. Nc4 f5 18. exf5 Rxf5 19. Qe2 Rdf8 20. Rxf5 Qxf5 21.
Rf1 Qxf1+ 22. Qxf1 Rxf1+ 23. Kxf1 b5 24. axb5 axb5 25. Ne3 Ne7 26. Ke2 Kf7 27.
Kf3 Ke6 28. Ke4 Nc8 29. g4 Nd6+ 30. Kf3 g6 31. Nd1 Kd5 32. Ne3+ Ke6 33. Nd1 Kd5
34. Ne3+ Ke6 35. Nd1 Kd5 36. Ne3+ Ke6 37. Nd1 Kd5 38. Ne3+ Ke6 39. Nd1 Kd5 40.
Ne3+ Ke6 1/2-1/2

[Event "Druzynowe Mistrzostwa Polski Seniorow - II Liga"]
[Site "Szczyrk, CKiR Orle Gniazdo ul. Wrzosowa 28a "]
[Date "1899-12-30"]
[Round "1.59"]
[White "Chmiel, Piotr"]
[Black "Krasiewicz, Robert"]
[Result "0-1"]
[WhiteTitle "I+"]
[BlackTitle "k+"]
[WhiteElo "1932"]
[BlackElo "1990"]

1. e4 e6 2. d4 d5 3. exd5 exd5 4. c4 Nf6 5. Nf3 Be7 6. Nc3 O-O 7. Bd3 c6 8. h3
dxc4 9. Bxc4 Nbd7 10. O-O Nb6 11. Bd3 Nbd5 12. Re1 h6 13. a4 Be6 14. a5 Qd6 15.
Na4 b6 16. b3 Nb4 17. Ba3 bxa5 18. Nb2 Nfd5 19. Nc4 Qc7 20. Bb2 Nxd3 21. Qxd3
Bb4 22. Rec1 Nf4 23. Qd1 Rfe8 24. Ne3 Rac8 25. Ba3 Qe7 26. Bxb4 Qxb4 27. Rcb1
Rb8 28. Ne5 Qb5 29. N3c4 Qd5 30. Ne3 Qb5 31. N3c4 Qd5 32. f3 f6 33. Rxa5 Qxd4+
34. Qxd4 Ne2+ 35. Kf2 Nxd4 36. Nd6 fxe5 37. Nxe8 Rxe8 38. Rxe5 Kf7 39. b4 Rb8
40. g4 Rb7 41. Rb2 Bd5 42. Ke3 Rxb4 43. Rxb4 Nc2+ 44. Kd3 Nxb4+ 45. Kd4 a5 46.
Re2 a4 47. Rb2 c5+ 48. Kc3 a3 0-1

[Event "Druzynowe Mistrzostwa Polski Seniorow - II Liga"]
[Site "Szczyrk, CKiR Orle Gniazdo ul. Wrzosowa 28a "]
[Date "1899-12-30"]
[Round "1.60"]
[White "Starczewska, Malgorzata"]
[Black "Chmiel, Dominika"]
[Result "1-0"]
[WhiteTitle "k"]
[BlackTitle "m"]
[WhiteElo "1781"]
[BlackElo "2172"]

1. e4 e5 2. Nf3 Nc6 3. Bb5 a6 4. Ba4 Nf6 5. Qe2 b5 6. Bb3 Bc5 7. c3 d6 8. d3 h6
9. O-O O-O 10. h3 Bb6 11. a4 Rb8 12. Rd1 Qe7 13. Nbd2 Nh5 14. Nf1 Nf4 15. Bxf4
exf4 16. axb5 axb5 17. d4 b4 18. N1d2 bxc3 19. bxc3 Na5 20. Bc2 f5 21. e5 d5 22.
c4 c6 23. c5 Bc7 24. Ne1 g5 25. Nd3 Kg7 26. Rdb1 Ba6 27. Qf3 Rxb1+ 28. Rxb1 Bb5
29. Nb4 Nb7 30. Nxd5 Qd7 31. e6 Qxd5 32. Qxd5 cxd5 33. Rxb5 Na5 34. Nb3 Nxb3 35.
Bxb3 Kf6 36. Rb7 Ba5 37. Bxd5 Bc3 38. Bc6 Kxe6 39. d5+ Kf6 40. Bb5 Rd8 41. d6
Bb4 42. Rc7 Ba5 43. Rc6 Ke5 44. Ra6 Bb4 45. d7 Bxc5 46. Rxh6 Rb8 47. Rc6 Be7 48.
Bc4 Kd4 49. Ba6 Rd8 50. Bc8 Kd5 51. Ra6 g4 52. Rg6 gxh3 53. gxh3 Rh8 54. Kg2 f3+
55. Kxf3 Rxh3+ 56. Ke2 Rh8 57. Re6 Bg5 58. Re8 Rh5 59. d8=Q+ Bxd8 60. Rxd8+ Ke5
61. Bb7 Rh7 62. Ba6 Ra7 63. Bd3 Kf4 64. Rd4+ Ke5 65. Rc4 Ra5 66. Rb4 Ra2+ 67.
Kf3 Ra3 68. Ke2 Rc3 69. Ke3 Ra3 70. f4+ Kd5 71. Rb5+ Ke6 72. Kd4 Ra4+ 73. Bc4+
Kf6 74. Rb6+ Kg7 75. Rc6 Ra7 76. Ke5 Ra5+ 77. Bd5 Rb5 78. Rd6 1-0

[Event "Druzynowe Mistrzostwa Polski Seniorow - II Liga"]
[Site "Szczyrk, CKiR Orle Gniazdo ul. Wrzosowa 28a "]
[Date "1899-12-30"]
[Round "1.61"]
[White "Barglowski, Filip"]
[Black "Skawinski, Arkadiusz"]
[Result "1/2-1/2"]
[WhiteTitle "FM"]
[BlackTitle "FM"]
[WhiteElo "2303"]
[BlackElo "2300"]

1. e4 e6 2. d4 d5 3. Nd2 Nc6 4. c3 e5 5. exd5 Qxd5 6. Ngf3 exd4 7. Bc4 Qh5 8. O-O
Be6 9. Bxe6 fxe6 10. Nxd4 Qxd1 11. Rxd1 Nxd4 12. cxd4 Nf6 13. Nc4 Bd6 14. Bg5
Nd5 15. Re1 Kd7 16. Re4 Rhf8 17. Rae1 Rae8 18. a3 Rf5 19. Bh4 b5 20. Ne3 Rf4 21.
Rxf4 Bxf4 22. Bg3 Bxg3 23. hxg3 Nxe3 24. Rxe3 Kd6 25. Re5 c6 26. f4 Rf8 27. Kf2
Rf5 28. Re1 c5 29. Ke3 cxd4+ 30. Kxd4 Rd5+ 31. Ke3 a5 32. b4 a4 33. g4 h6 34.
Rh1 e5 35. g3 Ke6 36. Rc1 exf4+ 37. gxf4 Kf7 38. Rc7+ Kg6 39. Rc6+ Kh7 40. Rc5
Rd1 41. Ke4 Rg1 42. Rxb5 Rg3 43. Ra5 Rxa3 44. b5 Ra1 45. Kd5 a3 46. Kc6 a2 47.
Kb6 Kg6 48. Ka6 Rf1 49. f5+ Kg5 50. Rxa2 Kxg4 51. b6 Rxf5 52. b7 Rf8 53. Rg2+
Kh3 54. Rxg7 h5 55. Rc7 Rb8 56. Ka7 Rxb7+ 57. Kxb7 h4 58. Kc6 Kg2 59. Kd5 h3 60.
Ke4 h2 1/2-1/2

[Event "Druzynowe Mistrzostwa Polski Seniorow - II Liga"]
[Site "Szczyrk, CKiR Orle Gniazdo ul. Wrzosowa 28a "]
[Date "1899-12-30"]
[Round "1.62"]
[White "Nguyen, Piotr"]
[Black "Rozycki, Bartlomiej"]
[Result "1-0"]
[WhiteTitle "m"]
[BlackTitle "k+"]
[WhiteElo "2325"]
[BlackElo "2055"]

1. d4 Nf6 2. Nf3 e6 3. Bf4 b6 4. e3 Bb7 5. Nbd2 d5 6. Bd3 c5 7. c3 Nc6 8. Ne5 Bd6
9. Bb5 Bxe5 10. dxe5 Nd7 11. Qg4 Rg8 12. Nf3 Qe7 13. Bg5 Qf8 14. Qa4 Rc8 15. Ba6
Bxa6 16. Qxa6 Rc7 17. Bf4 c4 18. O-O Nc5 19. Qb5 Ne4 20. Nd4 Qc5 21. f3 g5 22.
fxe4 gxf4 23. exd5 Qxd5 24. Qxd5 exd5 25. Nxc6 Rxc6 26. exf4 Ke7 27. Rad1 Ke6
28. Rf3 Rc5 29. Rh3 Rg7 30. Rh6+ Kf5 31. Rf6+ Ke4 32. Kf2 Rb5 33. Rd4# 1-0

[Event "Druzynowe Mistrzostwa Polski Seniorow - II Liga"]
[Site "Szczyrk, CKiR Orle Gniazdo ul. Wrzosowa 28a "]
[Date "1899-12-30"]
[Round "1.63"]
[White "Winiarski, Mikolaj"]
[Black "Plichta, Kamil"]
[Result "0-1"]
[WhiteTitle "I+"]
[BlackTitle "k++"]
[WhiteElo "2112"]
[BlackElo "2277"]

1. d4 d6 2. Nf3 Bg4 3. g3 Bxf3 4. exf3 Nf6 5. Bg2 e6 6. O-O Be7 7. c4 c6 8. Nc3
d5 9. b3 O-O 10. Bb2 Nbd7 11. Qe2 Re8 12. c5 b6 13. b4 bxc5 14. bxc5 Qa5 15. f4
Rab8 16. Nd1 Bf8 17. Bc3 Qa3 18. Qc2 g6 19. Nb2 Rb7 20. Rfe1 Reb8 21. Nd3 Ne8
22. Nc1 Bg7 23. Nb3 Qa4 24. Qd2 Rc7 25. Bf1 Rcc8 26. Bd3 Bf6 27. Bc2 Qa3 28. Re3
Ng7 29. Qe1 Nf5 30. Bxf5 exf5 31. Qd2 Re8 32. Rae1 Re4 33. f3 Rxe3 34. Rxe3 Qa6
35. Qe2 Qc8 36. Kg2 Nf8 0-1

[Event "Druzynowe Mistrzostwa Polski Seniorow - II Liga"]
[Site "Szczyrk, CKiR Orle Gniazdo ul. Wrzosowa 28a "]
[Date "1899-12-30"]
[Round "1.64"]
[White "Fengier, Winicjusz"]
[Black "Praczukowski, Stanislaw"]
[Result "1-0"]
[WhiteTitle "I+"]
[BlackTitle "I++"]
[WhiteElo "2067"]
[BlackElo "1961"]

1. Nf3 f5 2. d3 Nf6 3. e4 fxe4 4. dxe4 Nxe4 5. Bd3 d5 6. Bxe4 dxe4 7. Qxd8+ Kxd8
8. Ng5 Ke8 9. Nc3 Bf5 10. Bf4 c6 11. Ngxe4 Nd7 12. O-O-O Nf6 13. Rhe1 Nxe4 14.
Nxe4 Bxe4 15. Rxe4 Rd8 16. Rde1 h6 17. h4 g6 18. Be3 a6 19. Re6 Rg8 20. Bc5 Rd7
21. g4 Rg7 22. c3 Rd5 23. b4 Kd7 24. Kc2 Kd8 25. R1e4 Rg8 26. Bxe7+ Bxe7 27. Rxe7
Rf8 28. f4 Rxf4 29. Re8+ Kd7 30. Rxf4 Kxe8 31. Rf6 h5 32. Rxg6 hxg4 33. Rxg4 Kf7
34. a4 b5 35. a5 c5 36. Rf4+ Ke6 37. bxc5 Rxc5 38. Kb3 Re5 39. Rf8 Ke7 40. Rb8
Kd7 41. Rb6 Rh5 42. Rxa6 Rxh4 43. Rb6 Kc7 44. Rxb5 Rh1 45. Kb4 Rb1+ 46. Kc4 Ra1
47. Rg5 Kb7 48. Kb5 Rb1+ 49. Kc5 Rc1 50. c4 Ra1 51. Rg7+ Kb8 52. Kb6 Rb1+ 53.
Kc6 Rc1 54. c5 Rc2 55. Rg8+ Ka7 56. Kd6 Rd2+ 57. Kc7 Rd1 58. c6 Rd2 59. Kc8 Rd1
60. Rg7+ Ka6 61. Rd7 Rh1 62. c7 Ka7 63. Re7 Rd1 64. Rd7 Rh1 65. Rd3 Rh8+ 66. Kd7
Rh7+ 67. Kc6 Rh6+ 68. Rd6 Rh8 69. Rd8 Rh6+ 70. Kd5 Rh5+ 71. Ke4 Rh4+ 72. Kf5 Rh5+
73. Kg4 Rh1 74. Ra8+ Kxa8 75. c8=Q+ Ka7 76. Qc7+ 1-0

[Event "Druzynowe Mistrzostwa Polski Seniorow - II Liga"]
[Site "Szczyrk, CKiR Orle Gniazdo ul. Wrzosowa 28a "]
[Date "1899-12-30"]
[Round "1.65"]
[White "Chylewski, Patryk"]
[Black "Pietocha, Pawel"]
[Result "0-1"]
[WhiteTitle "I++"]
[BlackTitle "I++"]
[WhiteElo "1965"]
[BlackElo "2071"]

1. d4 d5 2. c4 c6 3. Nf3 Nf6 4. e3 e6 5. Nc3 Nbd7 6. Bd3 Bd6 7. O-O dxc4 8. Bxc4
b5 9. Bd3 b4 10. Na4 O-O 11. Qc2 Bb7 12. e4 e5 13. dxe5 Nxe5 14. Nxe5 Bxe5 15.
Nc5 Qc7 16. h3 Nd7 17. Be3 Nxc5 18. Bxc5 Bd6 19. Rfd1 Bxc5 20. Qxc5 Qb6 21. Rac1
Rfd8 22. Be2 Qxc5 23. Rxc5 Rxd1+ 24. Bxd1 Rd8 25. Ba4 Kf8 26. f3 Rc8 27. Kf2 Ke7
28. e5 f6 29. f4 fxe5 30. fxe5 Kd7 31. Rc4 a5 32. Rc5 Kc7 33. Bc2 Kb6 34. Rc4
Re8 35. Rg4 g6 36. Rh4 Re7 37. Bb3 c5 38. Bc4 h5 39. Rf4 Rxe5 40. Rf6+ Kc7 41.
Rxg6 Bd5 42. Bxd5 Rxd5 43. Ke2 c4 44. Rg3 Kc6 45. h4 a4 46. Rg6+ Kc5 47. Rg3 Kd4
48. Kd2 Rf5 49. Rf3 Rxf3 50. gxf3 c3+ 51. bxc3+ bxc3+ 52. Kc2 Ke3 53. Kxc3 Kxf3
54. Kb4 Kg4 55. Kxa4 Kxh4 56. Kb5 Kg5 57. a4 h4 58. Kb6 h3 59. a5 h2 60. a6 h1=Q
61. Ka7 Qb1 62. Ka8 Qf5 63. Ka7 Qd7+ 64. Kb6 Qc8 65. Ka7 Kf6 0-1

[Event "Druzynowe Mistrzostwa Polski Seniorow - II Liga"]
[Site "Szczyrk, CKiR Orle Gniazdo ul. Wrzosowa 28a "]
[Date "1899-12-30"]
[Round "1.66"]
[White "Leszner, Liliana"]
[Black "Herman, Monika"]
[Result "1-0"]
[WhiteTitle "WIM"]
[BlackTitle "I++"]
[WhiteElo "2025"]
[BlackElo "1728"]

1. e4 e5 2. Nf3 Nc6 3. Bc4 Nf6 4. d3 Bc5 5. c3 a6 6. O-O O-O 7. b4 Ba7 8. h3 h6
9. Qe2 d6 10. Be3 Ne7 11. Nh4 Re8 12. Bxa7 Rxa7 13. f4 exf4 14. Rxf4 d5 15. Qf2
dxc4 16. Qxa7 Qxd3 17. Qd4 Qg3 18. Qf2 Qd3 19. Qf3 Qc2 20. Qf2 Qd3 21. Nd2 Qxc3
22. Rf1 Rd8 23. Nb1 Qe5 24. Qc5 Qxc5+ 25. bxc5 Be6 26. Nf5 Ng6 27. R4f3 Nxe4 28.
c6 Bxf5 29. Rxf5 Ng3 30. cxb7 Nxf1 31. Rc5 Ne7 32. Rxc7 Kf8 33. Kxf1 Rb8 34. Nc3
Ke8 35. Nd5 Rxb7 36. Rxb7 Nxd5 37. Ra7 c3 38. Ke1 Nb4 39. a4 h5 40. Kd1 g6 41.
a5 h4 42. Rc7 Nd5 43. Rc6 Ne3+ 44. Kc1 Nxg2 45. Rxa6 Kd8 46. Rc6 Nf4 47. Rc4 Ne6
48. a6 Nc7 49. a7 Na8 50. Rb4 1-0

[Event "Druzynowe Mistrzostwa Polski Seniorow - II Liga"]
[Site "Szczyrk, CKiR Orle Gniazdo ul. Wrzosowa 28a "]
[Date "1899-12-30"]
[Round "1.67"]
[White "Krogulski, Grzegorz"]
[Black "Snihur, Piotr"]
[Result "1-0"]
[WhiteTitle "m"]
[BlackTitle "k"]
[WhiteElo "2322"]
[BlackElo "2147"]

1. e4 c5 2. Nf3 d6 3. Nc3 Nf6 4. Bb5+ Bd7 5. Bxd7+ Qxd7 6. O-O Nc6 7. d4 cxd4 8.
Nxd4 g6 9. f4 Bg7 10. Nf3 O-O 11. Qe2 Rac8 12. Kh1 Rfd8 13. Bd2 h6 14. Rad1 Qe6
15. Bc1 Nb4 16. a3 Na2 17. Nxa2 Qxa2 18. e5 dxe5 19. fxe5 Nd7 20. Rd4 Nc5 21.
Rh4 Ne6 22. c4 g5 23. Rg4 h5 24. Re4 g4 25. Ng5 Nd4 26. Qf2 Qxc4 27. Be3 f6 1-0

[Event "Druzynowe Mistrzostwa Polski Seniorow - II Liga"]
[Site "Szczyrk, CKiR Orle Gniazdo ul. Wrzosowa 28a "]
[Date "1899-12-30"]
[Round "1.68"]
[White "Szadkowski, Kamil"]
[Black "Sygulski, Boguslaw"]
[Result "1/2-1/2"]
[WhiteTitle "k+"]
[BlackTitle "IM"]
[WhiteElo "2219"]
[BlackElo "2250"]

1. e4 e6 2. d4 d5 3. Nd2 Nc6 4. c3 e5 5. Ngf3 exd4 6. cxd4 dxe4 7. Nxe4 Qe7 8.
Qe2 Bf5 9. Ng3 Qxe2+ 10. Bxe2 Bb4+ 11. Bd2 Bxd2+ 12. Kxd2 Bg4 13. Bb5 Bxf3 14.
gxf3 Nge7 15. Bxc6+ Nxc6 16. Rhe1+ Kf8 17. Kc3 Rd8 18. Rad1 Ne7 19. Ne4 h5 20.
Nc5 b6 21. Ne4 Rh6 22. Kb3 Rg6 23. Kc4 a6 24. Rg1 Rc6+ 25. Kb3 f6 26. Rd2 Kf7
27. Nc3 Rcd6 28. Rgd1 Nd5 29. Rc2 Nxc3 30. bxc3 c5 31. Rcd2 cxd4 32. Rxd4 Rxd4
33. cxd4 Ke6 34. Kc4 Rd5 35. Rb1 b5+ 36. Kd3 Rg5 37. Rc1 Kd6 38. Rc8 b4 39. Kc4
Ra5 40. d5 Rxa2 41. Rc6+ Kd7 42. Kxb4 Rxf2 43. Rxa6 Rxh2 44. Kc5 Rc2+ 45. Kd4
h4 46. Ra7+ Rc7 47. Ra8 Rc8 48. Ra7+ Rc7 1/2-1/2

[Event "Druzynowe Mistrzostwa Polski Seniorow - II Liga"]
[Site "Szczyrk, CKiR Orle Gniazdo ul. Wrzosowa 28a "]
[Date "1899-12-30"]
[Round "1.69"]
[White "Markiewicz, Jerzy"]
[Black "Szadkowski, Krzysztof"]
[Result "1/2-1/2"]
[WhiteTitle "FM"]
[BlackTitle "k"]
[WhiteElo "2207"]
[BlackElo "2138"]

1. d4 Nf6 2. c4 e6 3. Nc3 c5 4. d5 exd5 5. cxd5 d6 6. e4 g6 7. Bd3 Bg7 8. h3 O-O
9. Nf3 b5 10. Bxb5 Nxe4 11. Nxe4 Qa5+ 12. Nfd2 Qxb5 13. Nxd6 Qa6 14. N2c4 Rd8
15. Qe2 Bf8 16. Nxc8 Rxd5 17. N4d6 Bxd6 18. Nxd6 Rxd6 19. Qxa6 Nxa6 20. Be3 Nb4
21. Ke2 Nc2 22. Rac1 Nxe3 23. fxe3 Ra6 24. Rxc5 Rxa2 25. Rb5 a5 26. Rc1 a4 27.
Kf3 Rd8 28. Rc4 a3 29. bxa3 Rdd2 30. g4 Rxa3 31. Rf4 Rd7 32. Re5 h6 33. h4 Ra2
34. g5 hxg5 35. hxg5 Rdd2 36. Re8+ Kg7 37. Re7 Rf2+ 38. Kg3 Rg2+ 39. Kh3 Rh2+
40. Kg3 Rag2+ 1/2-1/2

[Event "Druzynowe Mistrzostwa Polski Seniorow - II Liga"]
[Site "Szczyrk, CKiR Orle Gniazdo ul. Wrzosowa 28a "]
[Date "1899-12-30"]
[Round "1.70"]
[White "Kwiatkowski, Wiktor"]
[Black "Augustyn, Sebastian"]
[Result "0-1"]
[WhiteTitle "I"]
[BlackTitle "k"]
[WhiteElo "1941"]
[BlackElo "2098"]

1. e4 c5 2. Nf3 Nc6 3. d4 cxd4 4. Nxd4 d5 5. exd5 Qxd5 6. Be3 e6 7. Nc3 Bb4 8.
Ndb5 Qe5 9. a3 Be7 10. Be2 a6 11. Nd4 Bd7 12. O-O Nf6 13. Bf3 Qc7 14. Re1 O-O
15. Qd2 Ne5 16. Bf4 Nxf3+ 17. Nxf3 Qb6 18. Ne5 Rfd8 19. Qe3 Qxe3 20. Bxe3 Be8
21. Bb6 Rd2 22. Rac1 Rc8 23. Nd3 Bxa3 24. bxa3 Rxc3 25. Ba5 Rdxd3 26. cxd3 Rxa3
27. Bb4 Rb3 28. Be7 Bc6 29. d4 Nd5 30. Bc5 h6 31. Rb1 Rc3 32. g3 g5 33. Rec1 Kg7
34. Rxc3 Nxc3 35. Rb3 Nd5 36. Bd6 a5 37. Kf1 b5 38. Ke2 b4 39. Kd2 Kg6 40. Rb1
Nc3 41. Rc1 Ne4+ 42. Ke3 Bd5 43. Be7 b3 44. Ba3 g4 45. Rc7 Nd6 46. Rc5 Nc4+ 47.
Rxc4 Bxc4 48. Kf4 Be2 49. Ke5 Bf3 50. Bc1 Bd5 51. Kf4 h5 52. Bb2 f6 53. Bc1 Kf7
54. Ba3 Ke8 55. Ke3 Kd7 56. Kd2 Kc6 57. Kc3 f5 58. Bc1 a4 59. Bb2 Bf3 60. Kd3
Kd5 61. Kc3 Bd1 62. Kd2 Bc2 63. Kc3 Ke4 64. Kd2 Kf3 65. Ke1 Kg2 66. Ke2 Kxh2 67.
Ke3 Kg2 68. Ba3 Kf1 69. Bb2 0-1